<?xml version="1.0" encoding="UTF-8"?>
<record
    xmlns:xsi="http://www.w3.org/2001/XMLSchema-instance"
    xsi:schemaLocation="http://www.loc.gov/MARC21/slim http://www.loc.gov/standards/marcxml/schema/MARC21slim.xsd"
    xmlns="http://www.loc.gov/MARC21/slim">

  <leader>01914nam a22002897a 4500</leader>
  <controlfield tag="003">NALT</controlfield>
  <controlfield tag="005">20230127133822.0</controlfield>
  <controlfield tag="008">      s2541    th                  tha d</controlfield>
  <datafield tag="020" ind1=" " ind2=" ">
    <subfield code="a">9745658197</subfield>
  </datafield>
  <datafield tag="040" ind1=" " ind2=" ">
    <subfield code="a">NALT</subfield>
  </datafield>
  <datafield tag="041" ind1="1" ind2=" ">
    <subfield code="a">tha</subfield>
    <subfield code="h">fre</subfield>
  </datafield>
  <datafield tag="050" ind1=" " ind2=" ">
    <subfield code="a">DS 588.N67 </subfield>
    <subfield code="b">&#xE2D;955&#xE1A; 2541</subfield>
  </datafield>
  <datafield tag="100" ind1="1" ind2=" ">
    <subfield code="a">&#xE41;&#xE2D;&#xE21;&#xE2D;&#xE19;&#xE34;&#xE40;&#xE22;, &#xE40;&#xE2D;&#xE40;&#xE08;&#xE35;&#xE22;&#xE19; </subfield>
    <subfield code="9">30600</subfield>
  </datafield>
  <datafield tag="245" ind1="1" ind2="0">
    <subfield code="a">&#xE1A;&#xE31;&#xE19;&#xE17;&#xE36;&#xE01;&#xE01;&#xE32;&#xE23;&#xE40;&#xE14;&#xE34;&#xE19;&#xE17;&#xE32;&#xE07;&#xE43;&#xE19;&#xE25;&#xE32;&#xE27; &#xE20;&#xE32;&#xE04;&#xE2A;&#xE2D;&#xE07; &#xE1E;.&#xE28;. 2440 = </subfield>
    <subfield code="b">Voyage dans le Laos tome deuxieme 1897 /</subfield>
    <subfield code="c">&#xE40;&#xE2D;&#xE40;&#xE08;&#xE35;&#xE22;&#xE19; &#xE41;&#xE2D;&#xE21;&#xE2D;&#xE19;&#xE34;&#xE40;&#xE22;, &#xE1A;&#xE31;&#xE19;&#xE17;&#xE36;&#xE01;&#xE01;&#xE32;&#xE23;&#xE2A;&#xE33;&#xE23;&#xE27;&#xE08; ; &#xE17;&#xE2D;&#xE07;&#xE2A;&#xE21;&#xE38;&#xE17;&#xE23; &#xE42;&#xE14;&#xE40;&#xE23; &#xE41;&#xE25;&#xE30;&#xE2A;&#xE21;&#xE2B;&#xE21;&#xE32;&#xE22; &#xE40;&#xE1B;&#xE23;&#xE21;&#xE08;&#xE34;&#xE15;&#xE15;&#xE4C;, &#xE41;&#xE1B;&#xE25;.</subfield>
  </datafield>
  <datafield tag="260" ind1=" " ind2=" ">
    <subfield code="a">&#xE40;&#xE0A;&#xE35;&#xE22;&#xE07;&#xE43;&#xE2B;&#xE21;&#xE48; : </subfield>
    <subfield code="b">&#xE2A;&#xE16;&#xE32;&#xE1A;&#xE31;&#xE19;&#xE27;&#xE34;&#xE08;&#xE31;&#xE22;&#xE2A;&#xE31;&#xE07;&#xE04;&#xE21; &#xE21;&#xE2B;&#xE32;&#xE27;&#xE34;&#xE17;&#xE22;&#xE32;&#xE25;&#xE31;&#xE22;&#xE40;&#xE0A;&#xE35;&#xE22;&#xE07;&#xE43;&#xE2B;&#xE21;&#xE48;, </subfield>
    <subfield code="c">2541.</subfield>
  </datafield>
  <datafield tag="300" ind1=" " ind2=" ">
    <subfield code="a">312 &#xE2B;&#xE19;&#xE49;&#xE32; :</subfield>
    <subfield code="b">&#xE41;&#xE1C;&#xE19;&#xE17;&#xE35;&#xE48; ;</subfield>
    <subfield code="c">26 &#xE0B;&#xE21;.</subfield>
  </datafield>
  <datafield tag="650" ind1=" " ind2="4">
    <subfield code="a">&#xE0A;&#xE32;&#xE15;&#xE34;&#xE1E;&#xE31;&#xE19;&#xE18;&#xE38;&#xE4C;&#xE27;&#xE34;&#xE17;&#xE22;&#xE32;</subfield>
    <subfield code="9">10787</subfield>
    <subfield code="z">&#xE25;&#xE32;&#xE27;</subfield>
  </datafield>
  <datafield tag="650" ind1=" " ind2="4">
    <subfield code="a">&#xE0A;&#xE32;&#xE15;&#xE34;&#xE1E;&#xE31;&#xE19;&#xE18;&#xE38;&#xE4C;&#xE27;&#xE34;&#xE17;&#xE22;&#xE32;</subfield>
    <subfield code="9">30603</subfield>
    <subfield code="z">&#xE44;&#xE17;&#xE22; (&#xE20;&#xE32;&#xE04;&#xE15;&#xE30;&#xE27;&#xE31;&#xE19;&#xE2D;&#xE2D;&#xE01;&#xE40;&#xE09;&#xE35;&#xE22;&#xE07;&#xE40;&#xE2B;&#xE19;&#xE37;&#xE2D;)</subfield>
  </datafield>
  <datafield tag="651" ind1=" " ind2="4">
    <subfield code="9">27014</subfield>
    <subfield code="a">&#xE44;&#xE17;&#xE22; (&#xE20;&#xE32;&#xE04;&#xE15;&#xE30;&#xE27;&#xE31;&#xE19;&#xE2D;&#xE2D;&#xE01;&#xE40;&#xE09;&#xE35;&#xE22;&#xE07;&#xE40;&#xE2B;&#xE19;&#xE37;&#xE2D;) </subfield>
    <subfield code="x">&#xE04;&#xE27;&#xE32;&#xE21;&#xE40;&#xE1B;&#xE47;&#xE19;&#xE2D;&#xE22;&#xE39;&#xE48;&#xE41;&#xE25;&#xE30;&#xE1B;&#xE23;&#xE30;&#xE40;&#xE1E;&#xE13;&#xE35;</subfield>
  </datafield>
  <datafield tag="651" ind1=" " ind2="4">
    <subfield code="9">3929</subfield>
    <subfield code="a">&#xE44;&#xE17;&#xE22; (&#xE20;&#xE32;&#xE04;&#xE15;&#xE30;&#xE27;&#xE31;&#xE19;&#xE2D;&#xE2D;&#xE01;&#xE40;&#xE09;&#xE35;&#xE22;&#xE07;&#xE40;&#xE2B;&#xE19;&#xE37;&#xE2D;)</subfield>
    <subfield code="x">&#xE1B;&#xE23;&#xE30;&#xE27;&#xE31;&#xE15;&#xE34;&#xE28;&#xE32;&#xE2A;&#xE15;&#xE23;&#xE4C;</subfield>
  </datafield>
  <datafield tag="651" ind1=" " ind2="4">
    <subfield code="a">&#xE44;&#xE17;&#xE22; (&#xE20;&#xE32;&#xE04;&#xE15;&#xE30;&#xE27;&#xE31;&#xE19;&#xE2D;&#xE2D;&#xE01;&#xE40;&#xE09;&#xE35;&#xE22;&#xE07;&#xE40;&#xE2B;&#xE19;&#xE37;&#xE2D;)</subfield>
    <subfield code="x">&#xE20;&#xE39;&#xE21;&#xE34;&#xE1B;&#xE23;&#xE30;&#xE40;&#xE17;&#xE28;&#xE41;&#xE25;&#xE30;&#xE01;&#xE32;&#xE23;&#xE17;&#xE48;&#xE2D;&#xE07;&#xE40;&#xE17;&#xE35;&#xE48;&#xE22;&#xE27;</subfield>
    <subfield code="9">3959</subfield>
  </datafield>
  <datafield tag="700" ind1="0" ind2=" ">
    <subfield code="9">30601</subfield>
    <subfield code="a">&#xE17;&#xE2D;&#xE07;&#xE2A;&#xE21;&#xE38;&#xE17;&#xE23; &#xE42;&#xE14;&#xE40;&#xE23;</subfield>
  </datafield>
  <datafield tag="700" ind1="0" ind2=" ">
    <subfield code="9">30602</subfield>
    <subfield code="a">&#xE2A;&#xE21;&#xE2B;&#xE21;&#xE32;&#xE22; &#xE40;&#xE1B;&#xE23;&#xE21;&#xE08;&#xE34;&#xE15;&#xE15;&#xE4C;</subfield>
  </datafield>
  <datafield tag="850" ind1=" " ind2=" ">
    <subfield code="a">NALT</subfield>
  </datafield>
  <datafield tag="942" ind1=" " ind2=" ">
    <subfield code="c">GB</subfield>
    <subfield code="2">lcc</subfield>
  </datafield>
  <datafield tag="998" ind1=" " ind2=" ">
    <subfield code="b">&#xE1B;&#xE23;&#xE35;&#xE22;&#xE32;&#xE19;&#xE38;&#xE0A;  &#xE04;&#xE25;&#xE2D;&#xE27;&#xE38;&#xE12;&#xE34;&#xE27;&#xE31;&#xE12;&#xE19;&#xE4C;</subfield>
    <subfield code="b">phon</subfield>
    <subfield code="c">101</subfield>
    <subfield code="j">104</subfield>
    <subfield code="k"> &#xE19;&#xE32;&#xE07;&#xE2A;&#xE32;&#xE27;&#xE2A;&#xE32;&#xE22;&#xE1D;&#xE19;  &#xE14;&#xE35;&#xE07;&#xE32;&#xE21;</subfield>
  </datafield>
  <datafield tag="999" ind1=" " ind2=" ">
    <subfield code="c">71772</subfield>
    <subfield code="d">71772</subfield>
  </datafield>
  <datafield tag="952" ind1=" " ind2=" ">
    <subfield code="0">0</subfield>
    <subfield code="1">0</subfield>
    <subfield code="2">lcc</subfield>
    <subfield code="4">0</subfield>
    <subfield code="7">0</subfield>
    <subfield code="8">CGBL</subfield>
    <subfield code="a">NALT</subfield>
    <subfield code="b">NALT</subfield>
    <subfield code="e">&#xE08;&#xE31;&#xE14;&#xE0B;&#xE37;&#xE49;&#xE2D;&#xE17;&#xE23;&#xE31;&#xE1E;&#xE22;&#xE32;&#xE01;&#xE23;</subfield>
    <subfield code="l">0</subfield>
    <subfield code="o">DS 588.N67 &#xE2D;955&#xE1A; 2541</subfield>
    <subfield code="p">3961195625</subfield>
    <subfield code="r">2017-06-09 00:00:00</subfield>
    <subfield code="w">2017-06-09</subfield>
    <subfield code="y">GB</subfield>
  </datafield>
</record>
